000 00378nam a2200133Ia 4500
001 2278
008 241024s9999 xx 000 0 und d
082 _aRD/378/UN58e/2012
100 _aUniversidad Autónoma de Santo Domingo
245 0 _aEstatuto Orgánico (edición corregida año 2012)
260 _bEd. Universitaria
_c2012
901 _a18/6/2012 10:18:57 a.m.
999 _c8319
_d8319